The Law and practice of evidence in Kenya / (Record no. 17458)
[ view plain ]
| 000 -LEADER | |
|---|---|
| fixed length control field | 00682cam a22002292 4500 |
| 001 - CONTROL NUMBER | |
| control field | 0000023702 |
| 003 - CONTROL NUMBER IDENTIFIER | |
| control field | OSt |
| 005 - DATE AND TIME OF LATEST TRANSACTION | |
| control field | 20190221155414.0 |
| 008 - FIXED-LENGTH DATA ELEMENTS--GENERAL INFORMATION | |
| fixed length control field | 130319s xx 000 0 eng d |
| 020 ## - INTERNATIONAL STANDARD BOOK NUMBER | |
| International Standard Book Number | 9966031235 : |
| 040 ## - CATALOGING SOURCE | |
| Original cataloging agency | KABU |
| Transcribing agency | KABU |
| 050 ## - LIBRARY OF CONGRESS CALL NUMBER | |
| Classification number | KSK3542 |
| Item number | .M36 2016 c. 1 |
| 100 1# - MAIN ENTRY--PERSONAL NAME | |
| Personal name | Mbobu, Kyalo. |
| 245 14 - TITLE STATEMENT | |
| Title | The Law and practice of evidence in Kenya / |
| Statement of responsibility, etc. | Kyalo Mbobu. |
| 250 ## - EDITION STATEMENT | |
| Edition statement | 2nd ed. |
| 260 ## - PUBLICATION, DISTRIBUTION, ETC. (IMPRINT) | |
| Place of publication, distribution, etc. | Nairobi : |
| Name of publisher, distributor, etc. | Law Africa, |
| Date of publication, distribution, etc. | 2016. |
| 300 ## - PHYSICAL DESCRIPTION | |
| Extent | xlix, 411 p. |
| 650 #0 - SUBJECT ADDED ENTRY--TOPICAL TERM | |
| Topical term or geographic name as entry element | Evidence (Law) |
| Geographic subdivision | Kenya. |
| 908 ## - PUT COMMAND PARAMETER (RLIN) | |
| Put command parameter | 130319 |
| 942 ## - ADDED ENTRY ELEMENTS (KOHA) | |
| Source of classification or shelving scheme | Library of Congress Classification |
| Koha item type | General Collection |
| Edition | 2nd |
| Classification part | KSK3542 |
| Item part | .M36 2016 c. 1 |
| Withdrawn status | Lost status | Source of classification or shelving scheme | Not for loan | Home library | Current library | Date acquired | Cost, normal purchase price | Total Checkouts | Total Renewals | Full call number | Barcode | Date last seen | Date last checked out | Copy number | Price effective from | Koha item type |
|---|---|---|---|---|---|---|---|---|---|---|---|---|---|---|---|---|
| Library of Congress Classification | Kabarak, Main Campus | Kabarak, Main Campus | 21/02/2019 | 2700.00 | 55 | 6 | KSK3542 .M36 2016 c. 1 | 022965 | 22/01/2026 | 01/12/2025 | c. 1 | 21/02/2019 | General Collection |